000 00666nam a2200241 a 4500
008
020 _a0471303585 (pbk. )
049 _aMAIN
090 _aQP514.2 VOE
100 1 _aVoet, Donald
245 1 0 _aBiochemistry /
_cDonald Voet and Judith G. Voet.
260 _aNew York :
_bJohn Wiley & Sons,
_c1993.
300 _a102 p. ;
_c28cm.
500 _aIncludes bibliographic references.
500 _a1993 supplement
650 _aBiochemistry.
700 _aVoet, Judith G.
907 _a.b10223058
_b27-04-07
_c18-12-06
003
005 20230123134313.0
040 _cNUST
942 _cBOOKS
_kQP514.2 VOE
999 _c163569
_d163569